000
00322nam a2200121Ia 4500
008
220204s9999 xx 000 0 und d
082
_a
543
_b
LAI
100
_a
Herbert A
245
0
_a
Chemical analysis: An advanced text and reference
260
_a
New York
_b
McGraw Hill
_c
1960
650
_a
Chemical analysis
942
_c
BK
999
_c
20437
_d
20437